Environmental exposure, horizontal transfer and selection of transgenes in bacterial populations (Registro nro. 12919)

Detalles MARC
000 -CABECERA
Campo de control 006860000a22002050004500
090 ## - CLASIFICACIÓN LOCAL
Colección AR
Consecutivo 03884
041 0# - IDIOMA
Código de idioma para texto/pista de sonido o título separado
100 1# - ASIENTO PRINCIPAL--NOMBRE PERSONAL
Nombre personal Nielsen, Kaare M.
245 10 - MENCION DE TITULO
Título Environmental exposure, horizontal transfer and selection of transgenes in bacterial populations
260 ## - PUBLICACION, DISTRIBUCION, ETC. (PIE DE IMPRENTA)
Lugar de publicación, distribución, etc. s.l.
Nombre del editor, distribuidor, etc. IOS Press
Fecha de publicación, distribución, etc. 2001
300 ## - DESCRIPCION FISICA
Extensión 145-158
500 ## - NOTA GENERAL
Nota general <Colección Recursos Genéticos>
650 14 - ASIENTO SECUNDARIO DE MATERIA - TERMINO TEMATICO
Término temático o nombre geográfico como elemento de entrada Control biológico
650 14 - ASIENTO SECUNDARIO DE MATERIA - TERMINO TEMATICO
Término temático o nombre geográfico como elemento de entrada Bacterias
650 14 - ASIENTO SECUNDARIO DE MATERIA - TERMINO TEMATICO
Término temático o nombre geográfico como elemento de entrada Biología evolutiva
650 14 - ASIENTO SECUNDARIO DE MATERIA - TERMINO TEMATICO
Término temático o nombre geográfico como elemento de entrada Riesgo ambiental
700 1# - ASIENTO SECUNDARIO - NOMBRE PERSONAL
Nombre personal Townsend, Jeffrey P.
773 1# - Item fuente:
Título In Vurro, M. et al. eds./ Enhancing biocontrol agents and handling risks
942 ## - ELEMENTOS ADICIONALES (KOHA)
Tipo de ítem Artículo
Existencias
Withdrawn status Lost status Damaged status No para préstamo Colección Ubicación Permanente Ubicación actual Fecha de adquisición Fuente de Valor Datos de publicación Seriada Total Checkouts Número topográfico Inventario / Código de Barras Date last seen Ejemplar Price effective from Forma de adquisición Tipo de material
      No para Préstamo Hemeroteca Bogotá Bogotá 27/02/2015 Rincón, Martha Fuera de circulación   AR 03884 017449 25/03/2015 1 25/03/2015   Artículo